000
00281nam a22001217a 4500
008
230704b xxu||||| |||| 00| 0 eng d
020
_a
9966943250
082
_a
362.2
_b
WIE
245
_a
The Bondage
260
_b
Africa Herald Publishing House
300
_a
104p
942
_2
ddc
_c
BK
999
_c
3957
_d
3957